Interkultúrný marketing diplomová práca

Salvato in:
Dettagli Bibliografici
Autore principale: Dobosová, Gabriela
Ente Autore: Obchodná fakulta EU. Katedra marketingu
Altri autori: Čihovská, Viera
Natura: Libro
Lingua:slovacco
Pubblicazione: Bratislava 2011
Tags: Aggiungi Tag
Nessun Tag, puoi essere il primo ad aggiungerne!!

MARC

LEADER 00000nbm a2200000 4500
001 0131850
005 20161109101737.1
041 0 |a slo 
044 |a SK 
245 1 0 |a Interkultúrný marketing  |b diplomová práca  |c Gabriela Dobosová ; školiteľ: Viera Čihovská 
264 1 |a Bratislava  |c 2011 
300 |a 80 s. 
100 1 |a Dobosová, Gabriela 
700 1 |a Čihovská, Viera 
710 2 |a Obchodná fakulta EU. Katedra marketingu